000 00874cam a22002651 4500
001 sa 66003274
003 DLC
005 20260227112234.0
008 890619s1965 ii b 000 0 hino
010 _asa 66003274
035 _a(OCoLC)19891934
040 _aDLC
_cWaU
_dNRU
_dDLC
042 _apremarc
050 0 0 _aPK2095.M3
_bZ85
100 1 _aSaxena, Sudha.
245 1 0 _aJāyasī kī bimba yojanā.
_bA study of imagery in Jayasi.
_clekhikā Sudhā Saksenā.
250 _a[1. saṃskaraṇa]
260 _aDillī,
_bAśoka Prakāśana [1966, i.e. 1965]
300 _axv, 440 p.
_c23 cm.
500 _aIn Hindi.
500 _a"Āgarā Viśvavidyālaya kī Pī.-Eca. Ḍī kī upādhi ke lie svīk r̥ta śodha-prabandha."
504 _aBibliography: p. [436]-440.
600 0 0 _aMalik Muhammad Jayasi,
_dactive 1540.
740 0 _aStudy of imagery in Jayasi.
999 _c68768
_d68768